000 00461nam a2200169Ia 4500
003 GCL
008 140319s9999 xx 000 0 ara d
040 _aGCL /
_cGCL
082 0 4 _a301
_bم ع
100 1 _aمحمد عاطف غيث
245 1 0 _aعلم الاجتماع /
_cمحمد عاطف غيث
260 _a[S.N] :
_bدار المعرفة الجامعية ،
_c1993
300 _a360 ص
490 _a
650 0 4 _aالاجتماع
942 _2ddc
_cBK
999 _c54171
_d54171